000
00317nam a22001457a 4500
020
_a
0 408 70522 1
082
_a
629.892 YOU.
100
_a
YOUNG JOHN
245
_a
ROBOTSICS
260
_a
England
_b
Redwood
_c
1973
300
_a
301p.
_b
ill, 23cm.
500
_a
Include, Index.
650
_a
ROBOTICS
942
_c
BK
999
_c
17424
_d
17424